000 00219 a2200097 4500
001 1109
100 _aPerrine,J.O
245 _aPhysics and maths in electrical communication
260 _a
_bRider
_c
090 _c673
_d673
942 _aNUST-CAE
_cM
_c33300
999 _c236182
_d236182